Personaggi di fantasia - L - - Statistics

Statistiche generali
  • Questo quiz è stato fatto 3.060 volte
  • Il punteggio medio è 11 su 20
Statistiche sulle risposte
con Immagini Risposta % Corretto
Luigi
98%
Lisa Simpson
93%
Leonardo
91%
Loki
75%
Lilly
74%
Lara Croft
71%
Luna Lovegood
71%
Lilo
70%
Leila Organa
64%
Legolas Thranduilion
61%
Luke Skywalker
55%
Lumière
53%
Lassie
42%
Link
40%
Lincoln Loud
37%
Linus Van Pelt
36%
Lucia Mondella
36%
Lemuel Gulliver
29%
Lex Luthor
20%
Laura Palmer
19%
Nessun quiz corrispondente trovato
Distribuzione punteggi
Percentuale di utenti per punteggio
Percentile per numero di risposta
I tuoi punteggi nel tempo
Non hai fatto questo quiz